| 000 | 00796nam a2200265 a 4500 | ||
|---|---|---|---|
| 001 | 66813 | ||
| 003 | BD-RjUL | ||
| 005 | 20211209081600.0 | ||
| 008 | 770525s1948 enk 001 0 eng | ||
| 035 | _a(BD-RjUL)66944 | ||
| 040 |
_aDLC _cDMM _dBD-RjUL _beng |
||
| 041 | _aeng | ||
| 082 |
_a634.9 _223 _bHAF 1948 |
||
| 100 | 1 |
_aHawley, Ralph C. _q(Ralph Chipman), _d1880- _9197819 |
|
| 245 | 1 | 0 |
_aForest protection / _cRalph C. Hawley and Paul William Stickel |
| 260 |
_aLondon : _bChapman & Hall, limited, _cc1948. |
||
| 300 |
_ax, 355 p. ; _c24 cm. |
||
| 500 | _aIncludes index | ||
| 650 | 0 |
_aForests and forestry. _9197820 |
|
| 650 | 0 |
_aForest protection. _9197821 |
|
| 650 | 0 |
_aForest fires. _9197822 |
|
| 700 |
_aStickel, Paul William _9197824 |
||
| 942 |
_2ddc _cBK |
||
| 999 |
_c66813 _d66813 |
||